LEADER 01202nam a2200253 i 4500 001 000000215553 003 CaOOAMICUS 005 20240829142022.0 008 120828s1807 it u000 u lat u 013 $a194426 026 $as-n- m;is x.t, PrMe (3) 1807 (R) 040 $aSeMil$bita 240 12$al Bardo della Selva Nera.$0(OLS)http://semarc/title/310283 245 10$aBardus Hercyniae poema Vincentii Monti a Francisco Bottazzi epicis latinis interpretatum. 260 $aMediolani :$bPer Cairum et Socium,$c1807. 300 $a[8], 71, [1] p. ;$c4°. 500 $aA c. [3] lettera dedicatoria di V. Monti a Napoleone 1. 600 04$aNapoleone I : Bonaparte .$0(OLS)http://semarc/subject/350 650 4$aMonti, Vincenzo <1754-1828> - Opere.$0(OLS)http://semarc/subject/4090 850 $aSeMil 852 $aSeMil$W1$xVenegono$y1$m1X VI 52 FA$j165973$B165973$CSeMilBibl$Z2$F176930 $8I 996 $6245$aBardus Hercyniae poema Vincentii Monti a Francisco Bottazzi epicis latinis interpretatum$9(OLS)http://semarc/title/310282 996 $6260$aMediolani :$bPer Cairum et Socium$9(OLS)http://semarc/publisher/52944 LEADER 00927nam a2200205 i 4500 001 000000193896 003 CaOOAMICUS 005 20101029000000.0 008 101029s1922 it u000 u ita u 013 $a172540 040 $aSeMil$bita 100 1 $aCrispolti, Vergilio.$0(OLS)http://semarc/name/70511 245 10$aCesare Guasti e la sua pietà :$bnel centenario della nascita 1822 - 4 settembre - 1922 /$csac. Vergilio Crispolti. 260 $aMilano :$bVita e Pensiero,$c1922. 300 $a203 p., [4] p. di tav. ;$c24 cm. 600 14$aGuasti, Cesare <1822-1889>.$0(OLS)http://semarc/subject/14078 850 $aSeMil 852 $aSeMil$W1$xVenegono$y1$m3J IV 28$j144470$B144470$CSeMilBibl$Z2$F155783 $81 996 $6245$aCesare Guasti e la sua pietà :$bnel centenario della nascita 1822 - 4 settembre - 1922$9(OLS)http://semarc/title/279534 996 $6260$aMilano :$bVita e Pensiero$9(OLS)http://semarc/publisher/29642